miasta w Polsce na literę T - Statystyki

Ogólne statystyki
  • Ten quiz został rozwiązany 69 razy
  • Średni wynik to 14 z 35
Statystyki odpowiedzi
województwo miasto % Poprawnych
małopolskie Tarnów
100%
kujawsko - pomorskie Toruń
87%
podkarpackie Tarnobrzeg
83%
śląskie Tychy
75%
pomorskie Tczew
68%
łódzkie Tomaszów Mazowiecki
68%
śląskie Tarnowskie Góry
65%
lubelskie Tomaszów Lubelski
63%
wielkopolskie Turek
56%
dolnośląskie Trzebnica
49%
małopolskie Trzebinia
48%
zachodniopomorskie Trzebiatów
43%
kujawsko - pomorskie Tuchola
37%
lubelskie Terespol
35%
mazowieckie Tarczyn
32%
mazowieckie Tłuszcz
32%
warmińsko - mazurskie Tolkmicko
32%
podlaskie Tykocin
30%
wielkopolskie Trzcianka
29%
małopolskie Tuchów
29%
łódzkie Tuszyn
29%
śląskie Toszek
27%
podkarpackie Tyczyn
27%
lubuskie Torzym
25%
lubuskie Trzciel
25%
lubelskie Tarnogród
24%
lubelskie Tyszowce
22%
wielkopolskie Trzemeszno
21%
dolnośląskie Twardogóra
21%
zachodniopomorskie Trzcińsko - Zdrój
19%
wielkopolskie Tuliszków
19%
opolskie Tułowice
17%
lubelskie Turobin
17%
zachodniopomorskie Tychowo
16%
zachodniopomorskie Tuczno
13%
Nie znaleziono quizów pasujących do podanych kryteriów
Rozkład punktacji
Procent ludzi z każdym wynikiem
Percentyl według liczby udzielonych odpowiedzi
Twoja historia wyników
Nie rozwiązałeś tego quizu